000 00202nam a22001097a 4500
999 _c65140
_d65137
082 _a297.3SAY
100 _aSayeed
245 _aIslamic Modernism
260 _akarachi
300 _a134p
942 _cBK